Table Tennis Players by Time in the Top 100 since 2001 - Statistics

General Stats
  • This quiz has been taken 22 times
  • The average score is 6 of 30
Answer Stats
#M player first last % Correct
231 CHN Ma Long 2005-10 2024-12
76%
279 GER Timo Boll 2001-01 2024-08
76%
227 GER Dimitrij Ovtcharov 2006-12
52%
254 BLR Vladimir Samsonov 2001-01 2022-02
43%
165 CHN Wang Hao 2001-06 2015-03
43%
202 AUT Chen Weixing 2001-01 2017-11
24%
288 TPE Chuang Chih-Yuan 2001-01 2024-12
24%
209 POR Marcos Freitas 2008-06
24%
184 KOR Lee Sang-su 2010-02
19%
208 POR Tiago Apolonia 2008-06
19%
171 SGP Gao Ning 2005-02 2019-04
14%
196 JPN Jun Mizutani 2005-10 2022-02
14%
180 GRE Kalinikos Kreanga 2001-01 2016-02
14%
216 IND Sharath Kamal Achanta 2007-03 2025-05
14%
239 SLO Bojan Tokic 2002-05 2022-06
10%
190 ESP He Zhiwen 2001-01 2016-12
10%
188 POR Joao Monteiro 2007-03 2025-01
10%
171 DEN Michael Maze 2001-01 2016-03
10%
262 AUT Robert Gardos 2002-02 2024-03
10%
203 ROU Adrian Crisan 2001-01 2017-12
5%
174 SRB Aleksandar Karakasevic 2001-01 2017-06
5%
175 RUS Alexey Smirnov 2001-01 2015-07
5%
203 CRO Andrej Gacina 2008-12
5%
210 GER Bastian Steger 2001-09 2019-08
5%
170 FRA Damien Eloi 2001-01 2016-03
5%
192 SWE Jens Lundqvist 2001-01 2017-12
5%
195 KOR Joo Sae-hyuk 2001-01 2017-05
5%
167 KOR Oh Sang-eun 2001-01 2016-10
5%
220 GRE Panagiotis Gionis 2004-11 2024-12
5%
167 HKG Cheung Yuk 2001-01 2015-02
0%
No matching quizzes found
Score Distribution
Percent of People with Each Score
Percentile by Number Answered
Your Score History
You have not taken this quiz